000 00909nam a22002417a 4500
005 20240530110846.0
008 200912s2020 ua a f b 000 0dara d
017 _a2019/26101
_bمصر. دار الكتب
020 _a9789777550659
040 _aEG-CaGPL
_cEG-CaGPL
082 0 4 _221
_a657.8\
_bم ت
100 0 _aمحمد سيف الدين طه
245 1 2 _aالتقنيات المالية والادارية للموازنات التخطيطية /
_cمحمد سيف الدين طه
250 _aط.1
260 _aالقاهرة :
_bدار السحاب للنشر والتوزيع،
_c2020
300 _a220 ص. ؛
_c24 سم.
504 _aيشتمل على ارجاعات ببليوجرافية
650 0 7 _aالميزانية التخطيطية
_2qrmak
650 0 7 _aالميزانية
_2qrmak
651 _2qrmak
942 _2ddc
_cBK
999 _c65846
_d65846